150 Chanteurs francophones (en Images) - Statistiques

Statistiques générales
  • Ce quiz a été pris 1 609 fois
    369 depuis la dernière actualisation
  • Le résultat moyen est 72 sur 152
Statistiques - réponses
Par images Réponse % Correct
Julien Doré
93%
Pascal Obispo
93%
Gims
90%
Soprano
90%
Stromae
87%
Jul
86%
Bigflo
85%
Matt Pokora
85%
Oli
85%
Vianney
85%
Kendji Girac
84%
Patrick Fiori
84%
Florent Pagny
83%
Patrick Bruel
83%
Garou
82%
Keen'v
82%
Mika
82%
Black M
81%
Claude François
81%
Orelsan
81%
Christophe Maé
80%
Eddy De Pretto
79%
Amir
77%
Jean-Jacques Goldman
77%
Patrick Sebastien
77%
Slimane
77%
Calogero
76%
Grand Corps Malade
76%
Gregory Lemarchal
76%
Yannick Noah
75%
Daniel Balavoine
74%
Gilbert Montagné
74%
Bilal Hassani
73%
Charles Aznavour
73%
SCH
72%
Serge Gainsbourg
71%
Dadju
70%
Pierre Garnier
69%
Johnny Hallyday
68%
Marc Lavoine
68%
Julien Clerc
67%
Christine and the Queens (Redcar, Chris)
66%
Laurent Voulzy
66%
Renaud
66%
Claudio Capéo
65%
Damso
65%
Nekfeu
65%
Philippe Katerine
65%
Michel Polnareff
64%
Christophe Willem
63%
Tayc
63%
Grégoire
62%
Dave
61%
Francis Cabrel
61%
Jacques Brel
61%
Alain Souchon
58%
Benabar
57%
Francky Vincent
55%
Louis Bertignac
55%
MC Solaar
55%
Emmanuel Moire
54%
Georges Brassens
54%
Jean-Louis Aubert
54%
Jeremy Frerot
54%
M
54%
Eddy Mitchell
53%
Lomepal
52%
Enrico Macias
50%
Francis Lalanne
50%
Michel Sardou
50%
Benjamin Biolay
48%
Michel Berger
48%
Raphaël
48%
Youssoupha
48%
Joe Dassin
45%
Doc Gyneco
44%
Khaled
44%
Pierre De Maere
44%
Christophe
43%
Nicola Sirkis
43%
Corneille
42%
Henri Salvador
42%
Pierre Bachelet
41%
Hugues Aufray
39%
Loic Nottet
39%
Pierre Perret
39%
Jacques Dutronc
38%
Dany Brillant
37%
Michel Fugain
37%
Serge Lama
37%
Etienne Daho
35%
Michael Jones
35%
Jean-Luc Lahaye
34%
Daniel Guichard
33%
Jean Ferrat
33%
Léo Ferré
32%
Mike Brant
32%
Faudel
31%
Gaetan Roussel
31%
Jean-Baptiste Maunier
31%
Aliocha Schneider
29%
Demis Roussos
29%
Nino Ferrer
29%
Renan Luce
29%
Gerard Lenorman
28%
Roch Voisine
28%
Bernard Lavilliers
27%
Cali
27%
Daniel Lavoie
27%
Dick Rivers
27%
Michel Delpech
27%
Salvatore Adamo
27%
C.Jerôme
26%
Maxime Le Forestier
26%
Stephan Eicher
26%
Didier Barbelivien
24%
Michel Jonasz
24%
Ben l'Oncle Soul
23%
Gael Faye
23%
Gauvain Sers
23%
Gerald De Palmas
23%
Ycare
23%
Daniel Levi
22%
Robert Charlebois
22%
Axel Bauer
21%
Jacques Higelin
21%
Louis Chedid
21%
Richard Cocciante
21%
Alain Bashung
20%
Sacha Distel
20%
Serge Reggiani
19%
Stomy Bugsy
19%
Alain Chamfort
18%
Ben Mazué
18%
Claude Nougaro
18%
Damien Sargue
18%
Georges Moustaki
18%
Gilbert Becaud
18%
Herbert Léonard
18%
William Sheller
18%
Florent Mothe
17%
Boris Vian
16%
Oldelaf
16%
Vincent Delerm
16%
Charlélie Couture
14%
Saez
14%
Arthur H
13%
Hervé Vilard
13%
Hubert-Félix Thiéfaine
12%
Michel Legrand
10%
Woodkid
8%
Yves Simon
7%
Aucun quiz correspondant
Distribution des résultats
% des personnes avec chaque résultat
Percentile par nombre de réponses
Votre historique - résultats
Vous n’avez pas pris ce quiz depuis la dernière actualisation